旅行出国者数の多い国・地域 - Statistics

General Stats
  • This quiz has been taken 97 times
  • The average score is 38 of 50
Answer Stats
順位 国・地域 単位:千人 % Correct
1 アメリカ 170,930
100%
2 中国 154,632
100%
5 イギリス 93,086
97%
9 フランス 49,276
97%
6 メキシコ 82,752
96%
7 イタリア 62,207
96%
10 ロシア 45,330
96%
11 カナダ 37,846
96%
15 インド 26,915
96%
13 韓国 28,714
95%
18 スペイン 22,816
95%
3 ドイツ 99,533
94%
28 オーストラリア 11,624
94%
31 タイ 10,446
94%
20 日本 20,081
92%
19 オランダ 22,045
91%
21 スイス 19,797
90%
26 オーストリア 11,902
90%
27 インドネシア 11,689
90%
33 トルコ 9,651
87%
25 ベルギー 14,191
86%
22 スウェーデン 19,061
84%
24 アルゼンチン 15,352
84%
32 フィンランド 10,440
84%
38 ノルウェー 8,890
84%
37 デンマーク 9,088
83%
8 ポーランド 50,600
82%
40 ギリシャ 7,848
82%
12 ウクライナ 29,346
81%
14 サウジアラビア 27,196
79%
29 シンガポール 10,711
79%
34 アイルランド 9,350
79%
41 チェコ 7,346
79%
16 ハンガリー 24,860
74%
49 スロバキア 5,214
74%
23 アラブ首長国連邦 18,906
73%
17 ルーマニア 23,066
69%
42 ブルガリア 7,007
66%
36 イスラエル 9,179
61%
44 スロベニア 6,049
61%
4 香港 94,715
58%
30 カザフスタン 10,707
55%
50 リトアニア 4,881
51%
35 ベラルーシ 9,221
42%
45 アルバニア 5,922
42%
39 ウズベキスタン 8,437
40%
47 アゼルバイジャン 5,568
38%
43 オマーン 6,633
36%
46 アルジェリア 5,732
30%
48 キルギス 5,314
26%
No matching quizzes found
Score Distribution
Percent of People with Each Score
Percentile by Number Answered
Your Score History
You have not taken this quiz